000 00423nam a2200193Ia 4500
008 240510s9999 xx 000 0 und d
020 _a0009555531900
041 _aEng
082 _a301
082 _bA51
100 _aAmarasekara D.;
245 0 _aSarala Samaja Vidyawa
260 _bAriya Publishers, Warakapola
260 _c2001
300 _a158 p.
650 _aSociology
942 _2ddc
942 _cLBK
999 _c28122
_d28122
945 _a1
_bMadushi Gamage
_c1
_dMadushi Gamage